[Event "American Cup Blitz"]
[Site "Saint Louis"]
[Date "2024.03.21"]
[Round "4"]
[White "Akobian, Varuzhan"]
[Black "Robson, Ray"]
[Result "1/2-1/2"]
[WhiteElo "2571"]
[BlackElo "2696"]
[PlyCount "151"]
[EventDate "2024.03.21"]
[EventType "swiss (blitz)"]
[EventRounds "7"]
[EventCountry "USA"]
[SourceTitle "CB13_2024"]
[SourceDate "2024.03.27"]
[SourceVersion "1"]
[SourceVersionDate "2024.03.27"]
[SourceQuality "1"]

1. d4 Nf6 2. c4 g6 3. Nc3 Bg7 4. Nf3 d6 5. Bg5 h6 6. Bf4 Nc6 7. h3 g5 8. Bd2 e5 9. d5 Ne7 10. e4 c6 11. Bd3 Ng6 12. g3 g4 13. hxg4 Bxg4 14. Be2 Qd7 15. Nh4 Bxe2 16. Qxe2 Nxh4 17. Rxh4 0-0-0 18. dxc6 bxc6 19. 0-0-0 Kb7 20. Be3 Qe6 21. Kb1 Rd7 22. f3 Ka8 23. Rdh1 d5 24. cxd5 cxd5 25. exd5 Nxd5 26. Nxd5 Qxd5 27. Bxh6 Bf6 28. Bg5 Rxh4 29. gxh4 Bxg5 30. hxg5 Qd3+ 31. Qxd3 Rxd3 32. Rh8+ Kb7 33. Rf8 Rxf3 34. g6 Rg3 35. gxf7 Rf3 36. Kc2 e4 37. b4 a6 38. a4 Rf2+ 39. Kc3 Ka7 40. Kd4 Kb7 41. Kxe4 Rf1 42. Kd4 Rd1+ 43. Kc5 Rc1+ 44. Kd4 Rd1+ 45. Kc3 Rc1+ 46. Kb2 Rf1 47. b5 axb5 48. axb5 Ka7 49. Kc3 Kb7 50. Kb4 Rb1+ 51. Kc5 Rc1+ 52. Kd5 Rd1+ 53. Kc4 Rc1+ 54. Kd3 Rf1 55. Ke2 Rf6 56. Ke3 Rf1 57. Kd4 Rd1+ 58. Ke5 Re1+ 59. Kd6 Rd1+ 60. Ke7 Re1+ 61. Kf6 Rf1+ 62. Ke5 Re1+ 63. Kd4 Rd1+ 64. Kc3 Rc1+ 65. Kb2 Rf1 66. Ka3 Ra1+ 67. Kb2 Rf1 68. b6 Rf3 69. Kc2 Rf6 70. Kd3 Rf1 71. Ke2 Rf6 72. Ke3 Rf1 73. Ke2 Rf6 74. Ke3 Rf1 75. Ke2 Rf6 76. Ke3 1/2-1/2

[Event "American Cup Blitz"]
[Site "Saint Louis"]
[Date "2024.03.21"]
[Round "6"]
[White "Naroditsky, Daniel"]
[Black "Robson, Ray"]
[Result "1-0"]
[WhiteElo "2619"]
[BlackElo "2696"]
[PlyCount "89"]
[EventDate "2024.03.21"]
[EventType "swiss (blitz)"]
[EventRounds "7"]
[EventCountry "USA"]
[SourceTitle "CB13_2024"]
[SourceDate "2024.03.27"]
[SourceVersion "1"]
[SourceVersionDate "2024.03.27"]
[SourceQuality "1"]

1. e4 e5 2. Nf3 Nf6 3. Nc3 Nc6 4. g3 Bc5 5. Bg2 d6 6. d3 a5 7. 0-0 0-0 8. h3 a4 9. a3 Nd4 10. Nxd4 Bxd4 11. Nxa4 d5 12. exd5 Nxd5 13. c3 Ba7 14. c4 Ne7 15. Nc3 c6 16. Be3 Bf5 17. Bxa7 Rxa7 18. Ne4 Qd7 19. Kh2 Rd8 20. Qe2 h6 21. Rad1 Raa8 22. Nc5 Qc7 23. f4 b6 24. Ne4 exf4 25. Rxf4 Be6 26. d4 Rd7 27. Nc3 Rad8 28. d5 cxd5 29. cxd5 Ng6 30. Rc4 Qe5 31. Re4 Qg5 32. dxe6 Rxd1 33. exf7+ Kxf7 34. Nxd1 Rd2 35. Qc4+ Kf8 36. Qc8+ Rd8 37. Qc2 Rd2 38. Qc3 Kg8 39. Qf3 Ne5 40. Qe3 Ng4+ 41. Rxg4 Qd5 42. Qe8+ Kh7 43. Qe4+ Qxe4 44. Rxe4 Rxd1 45. Rb4 1-0

[Event "American Cup Blitz"]
[Site "Saint Louis"]
[Date "2024.03.21"]
[Round "1"]
[White "Robson, Ray"]
[Black "Sukandar, Irine Kharisma"]
[Result "1-0"]
[WhiteElo "2696"]
[BlackElo "2349"]
[PlyCount "65"]
[EventDate "2024.03.21"]
[EventType "swiss (blitz)"]
[EventRounds "7"]
[EventCountry "USA"]
[SourceTitle "CB13_2024"]
[SourceDate "2024.03.27"]
[SourceVersion "1"]
[SourceVersionDate "2024.03.27"]
[SourceQuality "1"]

1. c4 c5 2. Nf3 Nf6 3. Nc3 Nc6 4. g3 e5 5. Bg2 d6 6. 0-0 g6 7. a3 Bg7 8. b4 0-0 9. bxc5 dxc5 10. Rb1 h6 11. d3 Re8 12. Nd2 Nd4 13. e3 Ne6 14. Nd5 Rb8 15. Bb2 Nc7 16. Nxf6+ Qxf6 17. Ne4 Qe7 18. Qe2 Be6 19. a4 Red8 20. a5 b5 21. axb6 axb6 22. Ba3 Qd7 23. Rfd1 Bg4 24. Bf3 Bxf3 25. Qxf3 Ra8 26. Bb2 Qc6 27. Kg2 Rd7 28. Nc3 Qxf3+ 29. Kxf3 Rad8 30. Ke2 Na6 31. Nd5 Nb4 32. e4 Rd6 33. Bc3 1-0

[Event "American Cup Champ"]
[Site "Saint Louis"]
[Date "2024.03.16"]
[Round "3.2"]
[White "Robson, Ray"]
[Black "Aronian, Levon"]
[Result "0-1"]
[WhiteElo "2696"]
[BlackElo "2722"]
[PlyCount "124"]
[EventDate "2024.03.12"]
[EventType "k.o."]
[EventRounds "3"]
[EventCountry "USA"]
[SourceTitle "CB12_2024"]
[SourceDate "2023.10.01"]
[SourceVersion "1"]
[SourceVersionDate "2023.10.01"]
[SourceQuality "1"]

1. d4 Nf6 2. c4 g6 3. Nc3 d5 4. cxd5 Nxd5 5. e4 Nxc3 6. bxc3 Bg7 7. Bc4 a6 8. h4 c5 9. Ne2 h5 10. 0-0 0-0 11. Be3 Nd7 12. Qd2 b5 13. Bd5 Rb8 14. dxc5 Qc7 15. Nd4 Ne5 16. Bf4 Qxc5 17. Bxe5 Bxe5 18. Nc6 Bxc3 19. Nxe7+ Qxe7 20. Qxc3 Bb7 21. Qg3 Bxd5 22. exd5 Rbd8 23. Rfd1 Rd6 24. a4 Rfd8 25. axb5 axb5 26. Qb3 Qb7 27. Rab1 Rxd5 28. Rxd5 Rxd5 29. Qb4 Qd7 30. Qb3 Rc5 31. Qb4 Qc7 32. Qe1 Qe5 33. Qd2 Rd5 34. Qc2 Qf5 35. Qxf5 Rxf5 36. Rc1 Kf8 37. Rc7 Ke8 38. f3 Kd8 39. Ra7 Kc8 40. Kf2 b4 41. Ke3 Rd5 42. Rxf7 b3 43. Rf4 Rb5 44. Rc4+ Kd7 45. Rc1 Ke6 46. Kd4 Kf5 47. Rb1 Kf4 48. Kc4 Rb8 49. Rb2 Kg3 50. Kd4 Kxh4 51. Ke5 Kg3 52. Kf6 Rb6+ 53. Kg5 h4 54. f4 Rb5+ 55. Kxg6 Kxf4 56. Kf6 Rb6+ 57. Ke7 Ke3 58. Kd7 Kd3 59. Kc7 Rb4 60. Kc6 Kc3 61. Rb1 b2 62. Kc5 Rg4 0-1

[Event "American Cup Champ"]
[Site "Saint Louis"]
[Date "2024.03.14"]
[Round "1.4"]
[White "Dominguez Perez, Leinier"]
[Black "Robson, Ray"]
[Result "1/2-1/2"]
[WhiteElo "2749"]
[BlackElo "2696"]
[PlyCount "242"]
[EventDate "2024.03.12"]
[EventType "k.o."]
[EventRounds "3"]
[EventCountry "USA"]
[SourceTitle "CB12_2024"]
[SourceDate "2023.10.01"]
[SourceVersion "1"]
[SourceVersionDate "2023.10.01"]
[SourceQuality "1"]

1. e4 c5 2. Nf3 d6 3. d4 cxd4 4. Nxd4 Nf6 5. Nc3 a6 6. f3 e5 7. Nb3 Be6 8. Be3 Be7 9. Qd2 h5 10. Nd5 Nxd5 11. exd5 Bf5 12. Be2 Bh4+ 13. g3 Be7 14. 0-0-0 Nd7 15. Kb1 Rc8 16. Rc1 b5 17. Rhd1 Qc7 18. Bd3 Bxd3 19. cxd3 Qd8 20. Rxc8 Qxc8 21. Rc1 Qa8 22. Na5 Qxd5 23. Rc8+ Bd8 24. Nc6 0-0 25. Nxd8 Qxf3 26. a3 Kh7 27. Qc1 h4 28. gxh4 Nc5 29. Bxc5 Qxd3+ 30. Qc2 Qxc2+ 31. Kxc2 dxc5 32. Rb8 Re8 33. Nc6 Re6 34. Rc8 e4 35. Kd1 e3 36. Ke2 f5 37. Nb8 f4 38. Rf8 Rb6 39. Nd7 Rd6 40. Nxc5 Rd2+ 41. Ke1 Rxb2 42. Rxf4 Rxh2 43. Nxa6 Ra2 44. Nc7 Rxa3 45. Nxb5 Ra1+ 46. Ke2 g5 47. hxg5 Kg6 48. Rg4 Ra5 49. Rb4 Kxg5 50. Kxe3 Ra1 51. Nd4 Re1+ 52. Kf2 Ra1 53. Nc2 Ra2 54. Rc4 Kf5 55. Ke3 Ke5 56. Nb4 Ra3+ 57. Nd3+ Kd5 58. Rc5+ Kd6 59. Rb5 Ra4 60. Nb4 Ra1 61. Kd4 Rd1+ 62. Nd3 Ke6 63. Ke4 Kf6 64. Ra5 Rb1 65. Ra6+ Kg5 66. Rd6 Ra1 67. Rc6 Ra4+ 68. Ke5 Kg4 69. Rc3 Ra8 70. Nf2+ Kg5 71. Rg3+ Kh4 72. Rg2 Rf8 73. Ne4 Re8+ 74. Kf5 Rf8+ 75. Nf6 Kh3 76. Rg6 Ra8 77. Kf4 Ra4+ 78. Ne4 Kh2 79. Rc6 Rb4 80. Kf3 Rb2 81. Rc3 Kg1 82. Rd3 Ra2 83. Rb3 Rc2 84. Rb5 Ra2 85. Rb3 Rc2 86. Rb1+ Kh2 87. Rd1 Ra2 88. Nf2 Ra3+ 89. Nd3 Rc3 90. Rd2+ Kh3 91. Rd1 Kh4 92. Kf4 Rc4+ 93. Kf5 Kg3 94. Rg1+ Kf3 95. Ne5+ Kf2 96. Ra1 Rh4 97. Ra2+ Ke3 98. Ra3+ Ke2 99. Nd3 Rc4 100. Ke5 Kd2 101. Nf2 Rc8 102. Ne4+ Ke2 103. Nd6 Rd8 104. Nc4 Re8+ 105. Kd4 Rd8+ 106. Ke4 Re8+ 107. Ne5 Kd2 108. Rh3 Kc2 109. Rh7 Kc3 110. Rc7+ Kd2 111. Rc5 Re7 112. Kd4 Re8 113. Ra5 Rd8+ 114. Ke4 Re8 115. Ra7 Kc3 116. Kd5 Rd8+ 117. Nd7 Kd3 118. Ke5 Re8+ 119. Kd5 Rd8 120. Ke5 Re8+ 121. Kd5 Rd8 1/2-1/2

[Event "American Cup Champ"]
[Site "Saint Louis"]
[Date "2024.03.14"]
[Round "1.3"]
[White "Robson, Ray"]
[Black "Dominguez Perez, Leinier"]
[Result "1-0"]
[WhiteElo "2696"]
[BlackElo "2749"]
[PlyCount "99"]
[EventDate "2024.03.12"]
[EventType "k.o."]
[EventRounds "3"]
[EventCountry "USA"]
[SourceTitle "CB12_2024"]
[SourceDate "2023.10.01"]
[SourceVersion "1"]
[SourceVersionDate "2023.10.01"]
[SourceQuality "1"]

1. d4 Nf6 2. c4 e6 3. Nc3 Bb4 4. e3 0-0 5. Bd3 c5 6. Nge2 d5 7. cxd5 cxd4 8. exd4 Nxd5 9. a3 Ba5 10. 0-0 Nc6 11. Bc2 Bc7 12. Qd3 Qh4 13. h3 Nf6 14. Be3 Rd8 15. Qd2 h6 16. f4 Nd5 17. Bf2 Qf6 18. Rad1 Nxc3 19. bxc3 Ne7 20. g4 Bd7 21. Bg3 g6 22. g5 Qh8 23. f5 Bxg3 24. fxg6 Bd6 25. Rxf7 hxg5 26. Rh7 Qf6 27. Rf7 Qh8 28. Qxg5 Qxh3 29. Rh7 Bh2+ 30. Kf2 Rf8+ 31. Ke1 Qf1+ 32. Kd2 Bf4+ 33. Nxf4 Qxf4+ 34. Qxf4 Rxf4 35. Rxe7 Rf2+ 36. Kc1 Bc6 37. Rxe6 Rc8 38. Rd2 Rf3 39. c4 Rxa3 40. d5 Be8 41. Rde2 Bd7 42. Re7 Rd8 43. Rh2 Rg3 44. Rhh7 Bc8 45. Reg7+ Kf8 46. Rc7 Kg8 47. g7 Rh3 48. Rxc8 Rxc8 49. Rxh3 Rxc4 50. Rg3 1-0

[Event "American Cup Champ"]
[Site "Saint Louis"]
[Date "2024.03.13"]
[Round "1.2"]
[White "Robson, Ray"]
[Black "Dominguez Perez, Leinier"]
[Result "1-0"]
[WhiteElo "2696"]
[BlackElo "2749"]
[PlyCount "80"]
[EventDate "2024.03.12"]
[EventType "k.o."]
[EventRounds "3"]
[EventCountry "USA"]
[SourceTitle "CB12_2024"]
[SourceDate "2023.10.01"]
[SourceVersion "1"]
[SourceVersionDate "2023.10.01"]
[SourceQuality "1"]

1. d4 Nf6 2. c4 e6 3. Nc3 Bb4 4. e3 0-0 5. Nf3 c5 6. Bd3 d5 7. cxd5 exd5 8. dxc5 Nbd7 9. Bd2 Nxc5 10. Be2 Ne6 11. Qb3 Ba5 12. 0-0 d4 13. exd4 Nxd4 14. Nxd4 Qxd4 15. Rad1 Be6 16. Qb5 Qb4 17. a3 Qxb5 18. Nxb5 Bxd2 19. Rxd2 Rad8 20. Rxd8 Rxd8 21. Nxa7 Bb3 22. Rc1 g6 23. Rc3 Be6 24. Rd3 Re8 25. Kf1 Bc4 26. Rd2 Bxe2+ 27. Rxe2 Rd8 28. Ke1 Rd5 29. f3 Kf8 30. Rd2 Rc5 31. b4 Re5+ 32. Re2 Rd5 33. Rd2 Re5+ 34. Kf2 Nd5 35. Nc8 Nc3 36. Nb6 Kg7 37. h4 h5 38. Nc4 Re6 39. Rd7 Re2+ 40. Kf1 Kf6 1-0

[Event "Saint Louis Blitz"]
[Site "Saint Louis"]
[Date "2023.11.18"]
[Round "11"]
[White "Firouzja, Alireza"]
[Black "Robson, Ray"]
[Result "1-0"]
[WhiteElo "2777"]
[BlackElo "2696"]
[PlyCount "99"]
[EventDate "2023.11.17"]
[EventType "tourn (blitz)"]
[EventRounds "18"]
[EventCountry "USA"]
[EventCategory "20"]
[SourceTitle "CB47_2023"]
[SourceDate "2023.11.22"]
[SourceVersion "1"]
[SourceVersionDate "2023.11.22"]
[SourceQuality "1"]

1. c4 e5 2. d3 Nf6 3. Nf3 Nc6 4. a3 d5 5. cxd5 Nxd5 6. e4 Nb6 7. Be2 Be7 8. Be3 Be6 9. 0-0 0-0 10. Nbd2 Bf6 11. Rc1 Rc8 12. Nb3 Na4 13. Nbd2 Nb6 14. b4 Nd4 15. Bxd4 exd4 16. Nb3 Bxb3 17. Qxb3 Nd7 18. Nd2 c5 19. b5 Qe7 20. f4 g6 21. e5 Bg7 22. Bg4 Rc7 23. Ne4 b6 24. Qc4 Kh8 25. Rce1 f5 26. exf6 Nxf6 27. Be6 Nxe4 28. Rxe4 Qd6 29. Qd5 Qxd5 30. Bxd5 Bf6 31. Rfe1 Kg7 32. g3 h5 33. Kg2 Rd8 34. Bc4 Rdd7 35. Re8 Re7 36. Rg8+ Kh7 37. Rxe7+ Rxe7 38. Kf2 Re3 39. Rf8 Bg7 40. Rf7 Kh6 41. Rxa7 Bf6 42. Rb7 Bd8 43. Rd7 Be7 44. Rb7 Bd8 45. Rb8 Bc7 46. Rc8 Re7 47. a4 g5 48. Rh8+ Kg7 49. Rg8+ Kh7 50. Rxg5 1-0

[Event "Saint Louis Blitz"]
[Site "Saint Louis"]
[Date "2023.11.18"]
[Round "10"]
[White "Robson, Ray"]
[Black "Nepomniachtchi, Ian"]
[Result "0-1"]
[WhiteElo "2696"]
[BlackElo "2771"]
[PlyCount "115"]
[EventDate "2023.11.17"]
[EventType "tourn (blitz)"]
[EventRounds "18"]
[EventCountry "USA"]
[EventCategory "20"]
[SourceTitle "CB47_2023"]
[SourceDate "2023.11.22"]
[SourceVersion "1"]
[SourceVersionDate "2023.11.22"]
[SourceQuality "1"]

1. d4 Nf6 2. c4 e6 3. Nf3 d5 4. Nc3 dxc4 5. e4 b5 6. e5 Nd5 7. Nxb5 Nb6 8. Be2 Nc6 9. 0-0 Be7 10. Be3 0-0 11. a3 Rb8 12. Qc2 Na5 13. Rad1 Qd7 14. Nc3 Bb7 15. Ng5 Bxg5 16. Bxg5 Nb3 17. Be3 Rfd8 18. Ne4 Bxe4 19. Qxe4 Na4 20. Bxc4 Nxb2 21. Bxb3 Rxb3 22. Rb1 Rdb8 23. Qc2 h6 24. h3 a5 25. Rfc1 a4 26. Qxc7 Qxc7 27. Rxc7 Rxa3 28. d5 exd5 29. e6 fxe6 30. Bd4 Rab3 31. Rxg7+ Kf8 32. Ra7 Nd3 33. Rf1 a3 34. Kh2 R8b7 35. Ra6 e5 36. Be3 d4 37. Bxh6+ Kf7 38. Ra1 R7b6 39. Ra7+ Kg6 40. Bf8 Nxf2 41. Rg7+ Kf6 42. Rf1 Rb2 43. Ra7 a2 44. Bc5 R6b5 45. Be7+ Ke6 46. Bh4 Ne4 47. Ra1 Nc3 48. Be1 Kd5 49. h4 Kc4 50. h5 Kb3 51. h6 Rb6 52. h7 Rh6+ 53. Kg3 Ne4+ 54. Kg4 Rxh7 55. Rxh7 Nf6+ 56. Kf5 Nxh7 57. Kxe5 Rb1 58. Kxd4 0-1

[Event "Saint Louis Blitz"]
[Site "Saint Louis"]
[Date "2023.11.17"]
[Round "8"]
[White "Caruana, Fabiano"]
[Black "Robson, Ray"]
[Result "1/2-1/2"]
[WhiteElo "2795"]
[BlackElo "2696"]
[PlyCount "112"]
[EventDate "2023.11.17"]
[EventType "tourn (blitz)"]
[EventRounds "18"]
[EventCountry "USA"]
[EventCategory "20"]
[SourceTitle "CB47_2023"]
[SourceDate "2023.11.22"]
[SourceVersion "1"]
[SourceVersionDate "2023.11.22"]
[SourceQuality "1"]

1. c4 e5 2. Nc3 Nf6 3. Nf3 Nc6 4. d3 d5 5. cxd5 Nxd5 6. e4 Nxc3 7. bxc3 Bc5 8. Be2 0-0 9. 0-0 Bg4 10. h3 Bxf3 11. Bxf3 Qe7 12. Qb3 Rab8 13. a4 a6 14. Rd1 Rfd8 15. g3 b5 16. axb5 axb5 17. Ra6 Rd6 18. Kg2 b4 19. Qc4 Bb6 20. d4 bxc3 21. Ba3 Nxd4 22. Bxd6 Qxd6 23. Qxc3 g6 24. Rda1 Kg7 25. Ra8 Rxa8 26. Rxa8 h5 27. h4 Qf6 28. Qa3 Kh7 29. Qd3 Kg7 30. Bd1 Kh7 31. Ra2 Kg7 32. Bb3 Qd6 33. Bc4 Qc6 34. Bd5 Qd7 35. Ra8 Qg4 36. Qa3 Bc5 37. Qc3 Bd6 38. Ra2 Ne2 39. Qe3 Nf4+ 40. Kg1 Qd1+ 41. Kh2 Nxd5 42. exd5 Qxd5 43. Rc2 Qd1 44. Rb2 Qd5 45. Rb8 Qd4 46. Qxd4 exd4 47. Kg2 Kf6 48. Kf3 Ke5 49. Rb5+ c5 50. Rb7 c4 51. Rxf7 d3 52. Ke3 Bc5+ 53. Kd2 Bb4+ 54. Ke3 Bc5+ 55. Kd2 Bb4+ 56. Ke3 Bc5+ 1/2-1/2

[Event "Saint Louis Blitz"]
[Site "Saint Louis"]
[Date "2023.11.17"]
[Round "5"]
[White "Robson, Ray"]
[Black "Vachier Lagrave, Maxime"]
[Result "0-1"]
[WhiteElo "2696"]
[BlackElo "2734"]
[PlyCount "65"]
[EventDate "2023.11.17"]
[EventType "tourn (blitz)"]
[EventRounds "18"]
[EventCountry "USA"]
[EventCategory "20"]
[SourceTitle "CB47_2023"]
[SourceDate "2023.11.22"]
[SourceVersion "1"]
[SourceVersionDate "2023.11.22"]
[SourceQuality "1"]

1. e4 c5 2. Nf3 d6 3. Bb5+ Bd7 4. c4 Nc6 5. Nc3 e5 6. d3 Nge7 7. h4 h5 8. Bg5 f6 9. Be3 g6 10. a3 Bg7 11. Rb1 0-0 12. b4 b6 13. Nd5 Nd4 14. Bxd7 Qxd7 15. Nxd4 cxd4 16. Bd2 f5 17. 0-0 Nxd5 18. cxd5 Rac8 19. Rc1 Bf6 20. g3 Rxc1 21. Bxc1 Rc8 22. Bd2 Kg7 23. Kg2 b5 24. Qb3 fxe4 25. dxe4 Rc4 26. Rc1 Qc8 27. Qd1 a6 28. Kg1 Kh7 29. Kg2 Bg7 30. Qe1 Bh6 31. Bxh6 Kxh6 32. Qd2+ Kg7 33. Rf1 0-1

[Event "Saint Louis Blitz"]
[Site "Saint Louis"]
[Date "2023.11.17"]
[Round "6"]
[White "So, Wesley"]
[Black "Robson, Ray"]
[Result "1-0"]
[WhiteElo "2752"]
[BlackElo "2696"]
[PlyCount "88"]
[EventDate "2023.11.17"]
[EventType "tourn (blitz)"]
[EventRounds "18"]
[EventCountry "USA"]
[EventCategory "20"]
[SourceTitle "CB47_2023"]
[SourceDate "2023.11.22"]
[SourceVersion "1"]
[SourceVersionDate "2023.11.22"]
[SourceQuality "1"]

1. e4 c5 2. Nf3 d6 3. Bb5+ Bd7 4. c4 Nc6 5. Nc3 e5 6. d3 Nge7 7. Bxc6 bxc6 8. Nh4 h6 9. Qf3 Be6 10. Nf5 g6 11. Nxe7 Bxe7 12. 0-0 Kf8 13. Qe2 g5 14. Nd1 h5 15. Ne3 Qd7 16. Bd2 Kg7 17. a3 a5 18. h4 f6 19. b4 axb4 20. axb4 Rxa1 21. Rxa1 cxb4 22. Bxb4 gxh4 23. Bc3 h3 24. g3 c5 25. Kh2 Bg4 26. Qb2 Be6 27. Qe2 Bg4 28. Qb2 Be6 29. f3 Kf7 30. Ra6 Rc8 31. Rb6 Rc6 32. Rb7 Rc7 33. Rb8 Rc8 34. Rb5 Rc7 35. Rb6 Rc6 36. Rb7 Rc7 37. Rb5 Bf8 38. Bd2 Be7 39. Nd5 Bxd5 40. cxd5 c4 41. dxc4 Rxc4 42. Rb3 Qc8 43. Rc3 Rxc3 44. Bxc3 Qc4 1-0

[Event "Saint Louis Rapid"]
[Site "Saint Louis"]
[Date "2023.11.15"]
[Round "5"]
[White "Caruana, Fabiano"]
[Black "Robson, Ray"]
[Result "1/2-1/2"]
[WhiteElo "2795"]
[BlackElo "2696"]
[PlyCount "133"]
[EventDate "2023.11.14"]
[EventType "tourn (rapid)"]
[EventRounds "9"]
[EventCountry "USA"]
[EventCategory "20"]
[SourceTitle "CB47_2023"]
[SourceDate "2023.11.22"]
[SourceVersion "1"]
[SourceVersionDate "2023.11.22"]
[SourceQuality "1"]

1. c4 e5 2. Nc3 Nf6 3. Nf3 Nc6 4. e3 Bb4 5. Qc2 Bxc3 6. bxc3 0-0 7. e4 d6 8. g3 a6 9. a4 Rb8 10. Bg2 Be6 11. d3 b5 12. axb5 axb5 13. cxb5 Rxb5 14. 0-0 Qd7 15. Bg5 Nh5 16. Qe2 Bg4 17. Rfb1 Rxb1+ 18. Rxb1 h6 19. Be3 Nf6 20. Qf1 d5 21. h3 Be6 22. exd5 Nxd5 23. Bd2 Rd8 24. Rb5 Nde7 25. Ne1 Bd5 26. Be3 Bxg2 27. Qxg2 f5 28. Kh2 Qe6 29. Rb7 Qc8 30. Rb5 Qe6 31. Qf3 Kh7 32. Qe2 Rd5 33. Rb7 Rd7 34. Nf3 Qd5 35. d4 Nxd4 36. Ng5+ Kg6 37. Bxd4 hxg5 38. Rb5 Qf7 39. Rxe5 Kh7 40. Qf3 Qg6 41. Bc5 g4 42. Qf4 Nd5 43. Qxf5 Qxf5 44. Rxf5 gxh3 45. Bd4 c5 46. Be5 Kg6 47. Rf8 Re7 48. f4 Nf6 49. Bxf6 gxf6 50. Rc8 Kf5 51. Kxh3 Rh7+ 52. Kg2 Rd7 53. Rxc5+ Kg4 54. Kf2 Rd3 55. f5 Rf3+ 56. Ke2 Kxg3 57. c4 Kg4 58. Rc8 Rxf5 59. c5 Rd5 60. c6 Kf5 61. Ke3 Ke6 62. c7 Re5+ 63. Kf4 Kd7 64. Rf8 Kxc7 65. Rxf6 Ra5 66. Rf5 Rxf5+ 67. Kxf5 1/2-1/2

[Event "Saint Louis Rapid"]
[Site "Saint Louis"]
[Date "2023.11.15"]
[Round "6"]
[White "Robson, Ray"]
[Black "Firouzja, Alireza"]
[Result "1-0"]
[WhiteElo "2696"]
[BlackElo "2777"]
[PlyCount "87"]
[EventDate "2023.11.14"]
[EventType "tourn (rapid)"]
[EventRounds "9"]
[EventCountry "USA"]
[EventCategory "20"]
[SourceTitle "CB47_2023"]
[SourceDate "2023.11.22"]
[SourceVersion "1"]
[SourceVersionDate "2023.11.22"]
[SourceQuality "1"]

1. d4 Nf6 2. c4 g6 3. Nc3 Bg7 4. e4 d6 5. h3 0-0 6. Be3 Nc6 7. d5 Ne5 8. f4 Ned7 9. Nge2 c6 10. g4 cxd5 11. cxd5 b6 12. Nd4 Nc5 13. Nc6 Qe8 14. Bg2 Ba6 15. Bxc5 bxc5 16. Qd2 e6 17. 0-0-0 exd5 18. exd5 Qd7 19. Rhe1 Rae8 20. Bf3 h6 21. g5 Nh7 22. Bg4 Qc7 23. h4 h5 24. Bh3 f5 25. gxf6 Bxf6 26. Rg1 Kh8 27. Rxg6 Bxh4 28. Be6 Bf6 29. Rdg1 Rxe6 30. dxe6 Qxc6 31. Nd5 Bd4 32. Ne7 Qe8 33. Rg8+ Rxg8 34. Rxg8+ Qxg8 35. Nxg8 Kxg8 36. Qg2+ Kh8 37. Qa8+ Kg7 38. Qxa7+ Kg6 39. Qf7+ Kh6 40. f5 Kg5 41. Qxh7 h4 42. Qg6+ Kf4 43. e7 Bb5 44. f6 1-0

[Event "Saint Louis Rapid"]
[Site "Saint Louis"]
[Date "2023.11.15"]
[Round "4"]
[White "Robson, Ray"]
[Black "Giri, Anish"]
[Result "1/2-1/2"]
[WhiteElo "2696"]
[BlackElo "2752"]
[PlyCount "79"]
[EventDate "2023.11.14"]
[EventType "tourn (rapid)"]
[EventRounds "9"]
[EventCountry "USA"]
[EventCategory "20"]
[SourceTitle "CB47_2023"]
[SourceDate "2023.11.22"]
[SourceVersion "1"]
[SourceVersionDate "2023.11.22"]
[SourceQuality "1"]

1. d4 d5 2. c4 c6 3. Nf3 Nf6 4. e3 Bf5 5. Nc3 e6 6. Nh4 Bg6 7. Be2 Nbd7 8. g3 Bd6 9. 0-0 Qe7 10. b3 Ne4 11. Bb2 0-0 12. Kg2 a5 13. Bd3 f5 14. Nxg6 hxg6 15. f3 Nxc3 16. Bxc3 Nf6 17. Qe2 e5 18. dxe5 Bxe5 19. Bxe5 Qxe5 20. cxd5 cxd5 21. Bb5 Rac8 22. Rac1 Rc3 23. Rxc3 Qxc3 24. Rd1 Rc8 25. Qd2 Qc5 26. Qxa5 g5 27. a4 Qxe3 28. Qd2 Qxb3 29. Rc1 Rxc1 30. Qxc1 Qa2+ 31. Kg1 g4 32. fxg4 fxg4 33. Qc8+ Kf7 34. Qxb7+ Kg6 35. Bd3+ Kh6 36. Qb4 Qa1+ 37. Kg2 Qa2+ 38. Kg1 Qa1+ 39. Kg2 Qa2+ 40. Kg1 1/2-1/2

[Event "USA-ch"]
[Site "Saint Louis"]
[Date "2023.10.16"]
[Round "10"]
[White "Robson, Ray"]
[Black "Dominguez Perez, Leinier"]
[Result "1/2-1/2"]
[WhiteElo "2699"]
[BlackElo "2745"]
[PlyCount "68"]
[EventDate "2023.10.05"]
[EventType "tourn"]
[EventRounds "11"]
[EventCountry "USA"]
[EventCategory "18"]
[SourceTitle "EXT 2024"]
[Source "ChessBase"]
[SourceDate "2023.10.10"]
[SourceVersion "1"]
[SourceVersionDate "2023.10.10"]
[SourceQuality "1"]

1. e4 e5 2. Nf3 Nc6 3. Bb5 Nf6 4. d3 Bc5 5. Bxc6 dxc6 6. 0-0 Bd6 7. a4 Be6 8. a5 h6 9. Nbd2 Nd7 10. Qe2 0-0 11. Nc4 Re8 12. h3 c5 13. b3 b5 14. axb6 axb6 15. Rxa8 Qxa8 16. Bb2 Bxc4 17. dxc4 Qc6 18. Nd2 Nf8 19. Nb1 Ne6 20. Nc3 Nd4 21. Qd3 Qb7 22. Nd5 c6 23. Ne3 Bf8 24. Qd1 g6 25. c3 Ne6 26. Qc2 h5 27. Rd1 Ra8 28. Bc1 Ra1 29. Bd2 Qa8 30. Rxa1 Qxa1+ 31. Qd1 Qb2 32. Qc2 Qa1+ 33. Qd1 Qb2 34. Qc2 Qa1+ 1/2-1/2

[Event "USA-ch"]
[Site "Saint Louis"]
[Date "2023.10.11"]
[Round "6"]
[White "Tang, Andrew"]
[Black "Robson, Ray"]
[Result "1/2-1/2"]
[WhiteElo "2496"]
[BlackElo "2699"]
[PlyCount "110"]
[EventDate "2023.10.05"]
[EventType "tourn"]
[EventRounds "11"]
[EventCountry "USA"]
[EventCategory "18"]
[SourceTitle "EXT 2024"]
[Source "ChessBase"]
[SourceDate "2023.10.10"]
[SourceVersion "1"]
[SourceVersionDate "2023.10.10"]
[SourceQuality "1"]

1. d4 Nf6 2. Nf3 e6 3. Bf4 b6 4. e3 Be7 5. h3 0-0 6. Nbd2 c5 7. c3 cxd4 8. exd4 Ba6 9. Bxa6 Nxa6 10. Ne5 Nc7 11. 0-0 Ncd5 12. Bg3 b5 13. a4 a6 14. Qb3 Qb6 15. Ra2 d6 16. Nd3 Qc6 17. Rfa1 Nc7 18. Nb4 Qb7 19. Bh4 h6 20. axb5 axb5 21. Bxf6 Bxf6 22. Qd1 Rxa2 23. Rxa2 Ra8 24. Qa1 Rxa2 25. Qxa2 Be7 26. Nf3 g6 27. b3 Kg7 28. Qc2 Bf6 29. Nd2 Ne8 30. Qa2 Nc7 31. Qc2 Bd8 32. Qe4 Qxe4 33. Nxe4 Ne8 34. Nc6 Bb6 35. c4 bxc4 36. bxc4 f5 37. Nc3 Kf6 38. Kf1 Bc7 39. Ke2 e5 40. f4 exf4 41. Nd5+ Kf7 42. Nxf4 Nf6 43. h4 g5 44. hxg5 hxg5 45. Nh3 Ne4 46. Nf2 d5 47. cxd5 Nc3+ 48. Kf3 g4+ 49. Nxg4 fxg4+ 50. Kxg4 Nxd5 51. Ne5+ Ke6 52. Kf3 Bxe5 53. dxe5 Kxe5 54. Ke2 Kf4 55. g3+ Kxg3 1/2-1/2

[Event "USA-ch"]
[Site "Saint Louis"]
[Date "2023.10.10"]
[Round "5"]
[White "Robson, Ray"]
[Black "Xiong, Jeffery"]
[Result "1-0"]
[WhiteElo "2699"]
[BlackElo "2693"]
[PlyCount "57"]
[EventDate "2023.10.05"]
[EventType "tourn"]
[EventRounds "11"]
[EventCountry "USA"]
[EventCategory "18"]
[SourceTitle "EXT 2024"]
[Source "ChessBase"]
[SourceDate "2023.10.10"]
[SourceVersion "1"]
[SourceVersionDate "2023.10.10"]
[SourceQuality "1"]

1. e4 e5 2. Nf3 Nf6 3. d4 Nxe4 4. Bd3 d5 5. Nxe5 Nd7 6. 0-0 Nxe5 7. dxe5 Nc5 8. Be3 Be7 9. f4 Nxd3 10. Qxd3 g6 11. Nc3 c6 12. Ne2 0-0 13. Ng3 Bh4 14. Bc5 Re8 15. f5 Rxe5 16. fxg6 hxg6 17. Bd4 Re8 18. Rxf7 Kxf7 19. Rf1+ Ke7 20. Qxg6 Be6 21. Qg7+ Kd6 22. Be5+ Kc5 23. Bd4+ Kd6 24. Be5+ Kc5 25. Bc7 Bf6 26. Rxf6 Rg8 27. Ne4+ Kb5 28. a4+ Kb4 29. Qh6 1-0